| 000 | 00395cam a2200157ua 4500 | ||
|---|---|---|---|
| 041 |
_aeng _h |
||
| 082 |
_a823.301 _bMEL/TA |
||
| 100 | _aMelville, Lewis . | ||
| 245 |
_aTale of a tub and other satires / _cLewis Melville. _hTextual Documents |
||
| 250 |
_a1 / _b. |
||
| 260 |
_aLondon : _bEverymans Library , _c1963. |
||
| 300 | _a340 ; . | ||
| 504 | _a | ||
| 942 | _cBK | ||
| 999 |
_c3897 _d3897 |
||